Ephesos : vorläufiger Grabungsbericht 1972 /

محفوظ في:

المؤلف الرئيسي: Vetters, Hermann (مؤلف)

التنسيق: كتاب

اللغة: German

منشور في: Wien : Österreichischen Akademie der Wissenschaften, 1973

الموضوعات:

الوسوم: إضافة وسم

لا توجد وسوم, كن أول من يضع وسما على هذه التسجيلة!

رقم الطلب: DF261 .E5 V4 1972

LEADER 00763nam a2200205Ia 4500
003 OSt
005 20260104080558.0
008 211223s1973 au f 000 0 ger d
040 |c ARCE Library 
050 4 |a DF261 .E5 V4 1972 
100 1 |a Vetters, Hermann,   |e author 
245 1 0 |a Ephesos :   |b vorläufiger Grabungsbericht 1972 /   |c Hermann Vetters. 
264 1 |a Wien :   |b Österreichischen Akademie der Wissenschaften,   |c 1973 
300 |a pages [175]-194, 23 plates ;   |c 24 cm. 
500 |a Sonderabdruck aus dem Anzeiger der phil.-hist. Klasse der Österreichischen Akademie der Wissenschaften, 110. Jahrg. 1973, So. 6. 
651 0 |a Ephesus (Extinct city)   |x Antiquities. 
651 0 |a Turkey,   |x Antiquities. 
901 |a reviewed 
942 |2 lcc  |c BK 
999 |c 41280  |d 41280